000 00912nam a22002177a 4500
003 OSt
005 20260116051718.0
008 260116b |||||||| |||| 00| 0 eng d
020 _a0-87318-200-6.
040 _aDWC-Main lib.
_cOC
082 _aCirc. 616.89 L435 1992
110 _aCommittee on Psychiatry and Religion, Group for the Advancement of Psychiatry
245 _aLeaders and folkfollowers :
_ba psychiatric perspective on religious cults/
_cCommittee on Psychiatry and Religion, Group for the Advancement of Psychiatry
260 _aWashington, D. C. :
_bAmerican Psychiatric Press, Inc.,
_cc1992.
300 _aix, 70 p. ;
_c23 cm.
504 _aIncludes bibliographical references.
650 _a1. Cults-Dead Sea Region (Israel and Jordan)-Psychology-History.
650 _a2. Cults-United States-Psychology.
650 _a3. Psychiatry and religion.
942 _2ddc
_cBK-CIRC
_hCirc.
_n0
999 _c7500
_d7500